000 00649nam a2200217 4500
001 112203
003 ES-MaACL
005 20230906185454.0
007 t|
008 061121s1982 xxk r ||||1| eng d
100 1 _aNicolson, Iain.
_985606
245 1 0 _aAstronomy /
_cIain Nicolson; illustrated by Gordon Davies.
250 _a8th print.
260 _aFeltham [Gran BretaƱa] :
_bHamlyn,
_c1982.
300 _a159 p. :
_bil. ;
_c18 cm.
490 1 _aHamlyn all-colour paperbacks
700 1 _aDavies, Gordon.
_942913
830 0 _aHamlyn all-colour paperbacks
_9182034
852 _aES-MaACL
_jL-2930
_bR.103840
999 _c112203
_d112203